Cutting the monkey-rope.

Bibliographic Details
Main Author: McEllhenney, John Galen
Format: Book
Language:English
Published: Valley Forge [Pa.] : Judson Press, [1973]
Subjects:

MARC

Tag First Indicator Second Indicator Subfields
LEADER 00000pam a2200000 4500
001 in00000476613
005 20151012172812.0
008 730413s1973 pau b 00000 eng
010 |a  73002550  
020 |a 0817005811  |c $2.50 
035 |a (OCoLC)00622499 
035 |9 ACA1993AM 
040 |a DLC  |c DLC  |d TXA  |d UtOrBLW 
049 |a TXAM  |c [1411803] 
050 0 0 |a BJ1533.H9  |b M3 
082 0 |a 241 
100 1 |a McEllhenney, John Galen. 
245 1 0 |a Cutting the monkey-rope. 
264 1 |a Valley Forge [Pa.] :  |b Judson Press,  |c [1973] 
300 |a 126 pages ;  |c 22 cm. 
336 |a text  |b txt  |2 rdacontent 
337 |a unmediated  |b n  |2 rdamedia 
338 |a volume  |b nc  |2 rdacarrier 
504 |a Includes bibliographical references. 
650 0 |a Life. 
650 0 |a Abortion. 
650 0 |a Euthanasia. 
999 |a MARS 
999 f f |s 66ed3c34-4148-3540-a99f-9bc0ee9f3962  |i fafe8247-a61f-3e9a-9cec-909bb20bcf17  |t 0 
952 f f |p ric  |a Texas A&M University  |b Rellis Campus  |c Joint Library Facility  |d Remote Storage  |t 0  |e BJ1533.H9 M3  |h Library of Congress classification  |i unmediated -- volume  |m A14801724311 
998 f f |a BJ1533.H9 M3  |t 0  |l Remote Storage